Normal view MARC view
  • Kamble Shrunoti - 2k141068; Dr.Rachana Shikhare - Guide & [Company Name] - XecuteHR Solutions Pvt Ltd

Entry Personal Name

Number of records used in: 1

001 - CONTROL NUMBER

  • control field: 103751

003 - CONTROL NUMBER IDENTIFIER

  • control field: OSt

005 - DATE AND TIME OF LATEST TRANSACTION

  • control field: 20221007220651.0

008 - FIXED-LENGTH DATA ELEMENTS

  • fixed length control field: 221007|| aca||aabn | a|a d

040 ## - CATALOGING SOURCE

  • Original cataloging agency: OSt
  • Transcribing agency: OSt

100 ## - HEADING--PERSONAL NAME

  • Personal name: Kamble Shrunoti - 2k141068; Dr.Rachana Shikhare - Guide & [Company Name] - XecuteHR Solutions Pvt Ltd

670 ## - SOURCE DATA FOUND

  • Source citation: Work cat.: (OSt)75084: Kamble Shrunoti - 2k141068; Dr.Rachana Shikhare - Guide & [Company Name] - XecuteHR Solutions Pvt Ltd, Analysis Of E-Gain Tool Used in TCL, Sep-15